[Event "European Online Club-ch-E 2021"]
[Site "Online"]
[Date "2021.03.27"]
[Round "3.6"]
[White "Guseinov, Gadir"]
[Black "Roiz, Michael"]
[Result "1-0"]
[WhiteElo "2665"]
[BlackElo "2579"]
[Annotator "TA"]
[PlyCount "73"]
[EventDate "2021.03.27"]
[EventType "team-tourn"]
[EventCountry "NET"]
[SourceTitle "playchess.com"]
[Source "ChessBase"]
[SourceQuality "1"]

{[%evp 17,73,4,0,0,4,0,27,0,0,0,12,0,9,7,25,-30,-16,-12,-29,-35,0,0,0,0,0,0,0,0,0,0,0,0,43,67,39,51,97,19,104,91,77,37,66,75,50,75,52,0,1067,1067,1029,1008,1008,995,29987,29988,29992,1236]} 1. e4 e5 2. Nf3 Nc6 3. Bb5 a6 4. Bxc6 dxc6 5. O-O Bd6 6. d4 exd4 7. Qxd4 f6 8. Be3 Ne7 9. Nbd2 Be6 10. Qc3 {C68: Ruy Lopez: Exchange Variation, sidelines.} Qd7 11. Rad1 O-O-O 12. Nb3 {White has an edge.} Bxb3 13. Qxb3 Ng6 14. Nd4 {Strongly threatening Ne6.} Rhe8 15. f3 {[#]} Bf4 $146 ({Predecessor:} 15... Nh4 16. Bf2 c5 17. Ne2 g5 18. Kh1 f5 19. Nc3 Qg7 20. Bxh4 gxh4 21. exf5 Qe5 {0-1 (46) Solak,D (2641)-Matinian,N (2491) Minsk 2017}) 16. Nf5 (16. Kf2 $142 Bxe3+ 17. Qxe3) 16... Qxd1 $11 17. Rxd1 Rxd1+ 18. Kf2 Bxe3+ ({Not} 18... Bxh2 19. Nxg7 Bg1+ 20. Ke2 $16) (18... Rd7 {with more complications.} 19. Bxf4 Nxf4 20. Qe3 Nd5 21. Qc5 Nb6) 19. Qxe3 Kb8 20. Nxg7 Red8 21. Qc3 R1d2+ 22. Kg3 Re2 $1 {[#] Threatens to win with ...Rdd2.} 23. Nf5 {Hoping for Nd4.} ({Reject} 23. Qxf6 Rdd2 $17) 23... Ne5 $1 {next ...Rg8+ is good for Black.} 24. Ne3 h5 25. Kf4 Rd6 26. Kf5 b5 27. f4 ({White should play} 27. h4 $16) 27... Nd7 (27... Nd3 $11 {keeps the balance.}) 28. Kg6 h4 29. Nf5 Rxg2+ 30. Kf7 $1 Rdd2 31. Qxc6 Rxh2 32. Qxa6 ({Better is} 32. c4 $14 bxc4 33. Qxc4) 32... h3 $2 {[%mdl 8192]} (32... Nb6 $11) 33. Ne7 $18 {[%cal Re7c6]} Rxc2 34. Qc8+ {[%mdl 64] [#] Double Attack} Ka7 35. Qxd7 Rh1 36. Qxb5 Rhc1 37. Qa4+ {Weighted Error Value: White=0.17/Black=0.31} (37. Nc8+ $142 Ka8 38. Qa6+ Kb8 39. Qa7+ Kxc8 40. Qa8+ Kd7 41. b4 c5 42. Qb7+ Kd6 43. b5 Rxa2 44. Qe7#) 1-0

[Event "European Online Club-ch-E 2021"]
[Site "Online"]
[Date "2021.03.27"]
[Round "3.7"]
[White "Postny, Evgeny"]
[Black "Abasov, Nijat"]
[Result "0-1"]
[WhiteElo "2605"]
[BlackElo "2664"]
[Annotator "TA"]
[PlyCount "102"]
[EventDate "2021.03.27"]
[EventType "team-tourn"]
[EventCountry "NET"]
[SourceTitle "playchess.com"]
[Source "ChessBase"]
[SourceQuality "1"]

{[%evp 9,102,21,20,25,43,6,8,-4,0,-4,0,0,0,0,37,17,16,0,0,0,0,-32,-27,-35,-33,-52,24,24,95,95,91,98,96,79,123,123,117,91,129,114,117,116,155,144,171,171,171,171,171,176,241,247,244,228,234,136,222,100,141,80,155,121,109,109,94,77,95,0,0,0,0,0,0,-109,-80,-188,-183,-171,-170,-458,-320,-338,-254,-466,-460,-681,-660,-914,-850,-1089,-869,-29975,-29976,-29985,-29986]} 1. d4 d5 2. c4 e6 3. Nf3 a6 4. cxd5 exd5 5. Nc3 c6 6. Bf4 {D31: Queen's Gambit Declined: Semi-Slav without ...Nf6 (+ Marshall Gambit and Noteboom) and Exchange Variation lines without ...Nf6.} Bd6 {[#]} 7. Qc1 $146 ({Predecessor:} 7. Bg3 Ne7 8. e3 O-O 9. Qb3 Ra7 10. Be2 a5 11. a3 Nf5 12. Bd3 Nxg3 13. hxg3 {½-½ (28) Dubov,D (2690)-Vallejo Pons,F (2704) Moscow 2019}) 7... Nf6 8. g3 {The position is equal.} O-O 9. Bg2 Qe7 10. O-O Bf5 11. Nh4 Bg6 12. Bxd6 Qxd6 13. Qf4 Qxf4 14. gxf4 Re8 15. f5 Bh5 16. e3 Nbd7 17. Rfe1 b5 (17... Nb6 $15) 18. Rac1 Nb6 (18... Rac8 $11) 19. Ne2 $16 Bxe2 20. Rxe2 (20. Rxc6 $6 Rec8 $11) 20... Nc4 21. b3 Na5 22. Nf3 Nd7 23. Ne1 Rad8 24. Nd3 Nb8 25. Nc5 g6 26. Bh3 Kg7 27. b4 $1 {[%cal Rb4a5]} Nc4 {[#]} 28. fxg6 $1 hxg6 29. Nb7 Rd7 (29... Nd7 $142 30. Rec2 (30. Nxd8 Rxd8 31. Rec2 Ndb6 $16) 30... Ndb6) 30. Bxd7 $18 Nxd7 31. Na5 Re6 32. Nxc4 (32. a4 $18) 32... bxc4 {[%mdl 4096] Endgame KRR-KRN} (32... dxc4 $16 {is a better defense.} 33. Kg2 Nf6) 33. e4 (33. Rc3 $18) 33... f5 34. e5 (34. f3 $142) 34... Re7 (34... Re8 $142) 35. Rc3 Nf8 36. Ra3 Ne6 37. Rd2 ({Not} 37. Rxa6 Nxd4 38. Kf1 (38. Re3 f4 $15) 38... Nxe2 $15) 37... Rb7 38. Kf1 ({Stronger than} 38. Rxa6 c3 $15) ({White should try} 38. Rd1 $16) 38... Rxb4 $11 39. Rxa6 Nf4 {( -> ...Rb1+)} 40. Rd1 c5 41. dxc5 (41. a3 $11 {keeps the balance.} Rb3 42. dxc5) 41... c3 $17 {White must now prevent ...c2.} 42. Rb6 {[#]} (42. Rc1 $17 d4 43. Ra7+ Kh6 44. Rd7) 42... Rc4 $1 $19 43. Rc1 d4 44. Rb3 $2 (44. Rb7+ Kh6 45. Rd7) 44... Rxc5 45. a4 Rxe5 46. Rb5 $2 (46. Rb7+ Kh6 47. Rc7) 46... Re2 47. Rb4 (47. Ra1 $142 c2 48. Rd5) 47... Rd2 48. a5 Nd3 {[%mdl 64] Double Attack} 49. Rb7+ Kh6 50. Re1 c2 51. a6 Rd1 {[%mdl 64] Pin. Never resign too early!  Weighted Error Value: White=0.66/Black=0.24} 0-1

[Event "European Online Club-ch-E 2021"]
[Site "Online"]
[Date "2021.03.27"]
[Round "3.8"]
[White "Safarli, Eltaj"]
[Black "Huzman, Alexander"]
[Result "1/2-1/2"]
[WhiteElo "2598"]
[BlackElo "2561"]
[Annotator "ChessBase"]
[PlyCount "68"]
[EventDate "2021.03.27"]
[EventType "team-tourn"]
[EventCountry "NET"]
[SourceTitle "playchess.com"]
[Source "ChessBase"]
[SourceQuality "1"]
[TimeControl "900+5"]

1. e4 {[%emt 0:00:00]} c5 {[%emt 0:00:03]} 2. Nc3 {[%emt 0:00:18]} Nc6 {[%emt 0:00:03]} 3. Bb5 {[%emt 0:00:05]} Nd4 {[%emt 0:00:05]} 4. Nf3 {[%emt 0:00:01]} e6 {[%emt 0:00:03]} 5. O-O {[%emt 0:00:03]} a6 {[%emt 0:00:05]} 6. Bd3 {[%emt 0:00:01]} Nc6 {[%emt 0:00:03]} 7. e5 {[%emt 0:00:09]} d5 {[%emt 0:00:26]} 8. exd6 {[%emt 0:00:09]} Bxd6 {[%emt 0:00:08]} 9. Re1 {[%emt 0:00:21]} Nf6 {[%emt 0:00:06]} 10. Ne4 {[%emt 0:00:01]} O-O {[%emt 0:00:22]} 11. Nxf6+ {[%emt 0:00:07]} Qxf6 {[%emt 0:00:02]} 12. Be4 {[%emt 0:00:01]} Nd4 {[%emt 0:00:16]} 13. c3 {[%emt 0:00:27]} Nxf3+ {[%emt 0:00:09]} 14. Qxf3 {[%emt 0:00:01]} Qxf3 {[%emt 0:00:39]} 15. Bxf3 {[%emt 0:00:02]} Ra7 {[%emt 0:00:36]} 16. d4 {[%emt 0:04:03]} cxd4 {[%emt 0:00:29]} 17. cxd4 {[%emt 0:00:03]} b5 {[%emt 0:00:36]} 18. Be3 {[%emt 0:00:17]} Bb7 {[%emt 0:00:44]} 19. Bxb7 {[%emt 0:01:18]} Rxb7 {[%emt 0:00:03]} 20. Rac1 {[%emt 0:00:03]} Rd8 {[%emt 0:03:03]} 21. Rc6 {[%emt 0:00:05]} a5 {[%emt 0:00:01]} 22. Bg5 {[%emt 0:01:34]} f6 {[%emt 0:00:06]} 23. Rxe6 {[%emt 0:01:09]} Bxh2+ {[%emt 0:00:03]} 24. Kxh2 {[%emt 0:00:02]} fxg5 {[%emt 0:00:02]} 25. Red6 {[%emt 0:00:33]} Rxd6 {[%emt 0:00:13]} 26. Rxd6 {[%emt 0:00:02]} Rc7 {[%emt 0:00:02]} 27. Rd5 {[%emt 0:00:11]} b4 {[%emt 0:00:10]} 28. Rxa5 {[%emt 0:00:16]} Rc2 {[%emt 0:00:03]} 29. b3 {[%emt 0:00:04]} Rxf2 {[%emt 0:00:07]} 30. Rxg5 {[%emt 0:00:03]} Rd2 {[%emt 0:00:30]} 31. Rd5 {[%emt 0:00:48]} Kf7 {[%emt 0:00:04]} 32. Rd7+ {[%emt 0:00:12]} Kf6 {[%emt 0:00:25]} 33. Rd6+ {[%emt 0:01:09]} Ke7 {[%emt 0:00:11]} 34. Rd5 {[%emt 0:00:08]} Ke6 {[%emt 0:00:05]} 1/2-1/2

[Event "European Online Club-ch-E 2021"]
[Site "Online"]
[Date "2021.03.27"]
[Round "3.9"]
[White "Chatalbashev, Boris"]
[Black "Ozturk Orenli, Kubra"]
[Result "1-0"]
[WhiteElo "2530"]
[BlackElo "2330"]
[Annotator "ChessBase"]
[PlyCount "47"]
[EventDate "2021.03.27"]
[EventType "team-tourn"]
[EventCountry "NET"]
[SourceTitle "playchess.com"]
[Source "ChessBase"]
[SourceQuality "1"]
[TimeControl "900+5"]

1. d4 {[%emt 0:00:00]} d5 {[%emt 0:00:08]} 2. c4 {[%emt 0:00:02]} dxc4 {[%emt 0:00:18]} 3. Nf3 {[%emt 0:00:04]} a6 {[%emt 0:00:15]} 4. e3 {[%emt 0:00:03]} b5 {[%emt 0:00:03]} 5. a4 {[%emt 0:00:03]} Bb7 {[%emt 0:00:03]} 6. b3 {[%emt 0:00:15]} Nf6 {[%emt 0:00:11]} 7. bxc4 {[%emt 0:00:03]} bxc4 {[%emt 0:00:02]} 8. Bxc4 {[%emt 0:00:03]} e6 {[%emt 0:00:02]} 9. Nbd2 {[%emt 0:00:15]} c5 {[%emt 0:00:32]} 10. Rb1 {[%emt 0:01:11]} Bd5 {[%emt 0:00:10]} 11. O-O {[%emt 0:00:23]} Nc6 {[%emt 0:00:43]} 12. Qe2 {[%emt 0:02:48]} Bxc4 {[%emt 0:03:05]} 13. Qxc4 {[%emt 0:00:22]} Qd5 {[%emt 0:00:39]} 14. Rb6 {[%emt 0:00:23]} Nb4 {[%emt 0:01:02]} 15. Ne5 {[%emt 0:01:00]} Be7 {[%emt 0:01:14]} 16. Ba3 {[%emt 0:00:25]} Qxc4 {[%emt 0:02:12]} 17. Ndxc4 {[%emt 0:00:08]} Nfd5 {[%emt 0:00:37]} 18. Rb7 {[%emt 0:01:15]} f6 {[%emt 0:00:36]} 19. dxc5 {[%emt 0:00:27]} Bxc5 {[%emt 0:03:32]} 20. Nc6 {[%emt 0:00:16]} Nxc6 {[%emt 0:01:02]} 21. Bxc5 {[%emt 0:00:05]} Nde7 {[%emt 0:00:04]} 22. Rfb1 {[%emt 0:00:37]} Kf7 {[%emt 0:00:07]} 23. Bxe7 {[%emt 0:00:24]} Nxe7 {[%emt 0:00:03]} 24. Nd6+ {[%emt 0:00:02]} 1-0

[Event "European Online Club-ch-E 2021"]
[Site "Online"]
[Date "2021.03.27"]
[Round "3.10"]
[White "Caglar, Sila"]
[Black "Moreno Trujillo, Alejandro"]
[Result "0-1"]
[WhiteElo "2250"]
[BlackElo "2483"]
[Annotator "ChessBase"]
[PlyCount "72"]
[EventDate "2021.03.27"]
[EventType "team-tourn"]
[EventCountry "NET"]
[SourceTitle "playchess.com"]
[Source "ChessBase"]
[SourceQuality "1"]
[TimeControl "900+5"]

1. e4 {[%emt 0:00:00]} e6 {[%emt 0:00:05]} 2. d4 {[%emt 0:00:03]} d5 {[%emt 0:00:03]} 3. Nd2 {[%emt 0:00:01]} c5 {[%emt 0:00:05]} 4. c3 {[%emt 0:00:02]} cxd4 {[%emt 0:00:16]} 5. cxd4 {[%emt 0:00:02]} dxe4 {[%emt 0:00:01]} 6. Nxe4 {[%emt 0:00:01]} Nf6 {[%emt 0:00:33]} 7. Nc3 {[%emt 0:00:03]} Bd7 {[%emt 0:00:47]} 8. Nf3 {[%emt 0:00:33]} Bc6 {[%emt 0:00:03]} 9. Be2 {[%emt 0:00:08]} Nbd7 {[%emt 0:00:05]} 10. O-O {[%emt 0:00:03]} Bd6 {[%emt 0:00:03]} 11. Bb5 {[%emt 0:01:43]} Bxb5 {[%emt 0:00:42]} 12. Nxb5 {[%emt 0:00:03]} Bb8 {[%emt 0:00:03]} 13. Bg5 {[%emt 0:02:28]} h6 {[%emt 0:00:16]} 14. Bh4 {[%emt 0:02:05]} O-O {[%emt 0:00:23]} 15. Rc1 {[%emt 0:00:43]} Bf4 {[%emt 0:00:18]} 16. Rc2 {[%emt 0:02:25]} Qa5 {[%emt 0:00:36]} 17. Na3 {[%emt 0:00:51]} Rac8 {[%emt 0:00:28]} 18. Bg3 {[%emt 0:04:06]} Bxg3 {[%emt 0:00:24]} 19. hxg3 {[%emt 0:00:02]} Nb6 {[%emt 0:00:18]} 20. Qd3 {[%emt 0:01:10]} Rxc2 {[%emt 0:00:21]} 21. Nxc2 {[%emt 0:00:07]} Qxa2 {[%emt 0:00:18]} 22. Ra1 {[%emt 0:00:06]} Qxb2 {[%emt 0:00:10]} 23. Rxa7 {[%emt 0:00:01]} Nbd5 {[%emt 0:00:10]} 24. Ne3 {[%emt 0:00:08]} Nxe3 {[%emt 0:00:21]} 25. Qxe3 {[%emt 0:00:03]} Rc8 {[%emt 0:01:34]} 26. Ne5 {[%emt 0:00:05]} Rc1+ {[%emt 0:02:27]} 27. Kh2 {[%emt 0:00:03]} Qb1 {[%emt 0:00:02]} 28. g4 {[%emt 0:00:07]} Ne4 {[%emt 0:00:28]} 29. g3 {[%emt 0:00:08]} Rh1+ {[%emt 0:00:36]} 30. Kg2 {[%emt 0:00:01]} Qf1+ {[%emt 0:00:18]} 31. Kf3 {[%emt 0:00:03]} Ng5+ {[%emt 0:00:02]} 32. Kf4 {[%emt 0:00:02]} Nh3+ {[%emt 0:00:05]} 33. Kf3 {[%emt 0:00:04]} Qd1+ {[%emt 0:00:04]} 34. Kg2 {[%emt 0:00:03]} Rg1+ {[%emt 0:00:33]} 35. Kh2 {[%emt 0:00:02]} Ng5 {[%emt 0:00:39]} 36. Qd3 {[%emt 0:00:18]} Rh1+ {[%emt 0:00:04]} 0-1

[Event "European Online Club-ch-E 2021"]
[Site "Online"]
[Date "2021.03.27"]
[Round "3.11"]
[White "Garrido Dominguez, Jesus"]
[Black "Ince, Safiye Oyku"]
[Result "1-0"]
[WhiteElo "2413"]
[BlackElo "1995"]
[Annotator "NA"]
[PlyCount "91"]
[EventDate "2021.03.27"]
[EventType "team-tourn"]
[EventCountry "NET"]
[SourceTitle "playchess.com"]
[Source "ChessBase"]
[SourceQuality "1"]
[TimeControl "900+5"]

1. e4 {[%emt 0:00:00]} c5 {[%emt 0:00:03]} 2. Nf3 {[%emt 0:00:03]} e6 {[%emt 0:00:02]} 3. d4 {[%emt 0:00:02]} cxd4 {[%emt 0:00:01]} 4. Nxd4 {[%emt 0:00:02]} Nc6 {[%emt 0:00:01]} 5. Nxc6 {[%emt 0:00:01]} bxc6 {[%emt 0:00:03]} 6. Bd3 {[%emt 0:00:02]} e5 {[%emt 0:00:09]} 7. Nd2 {[%emt 0:00:03]} Nf6 {[%emt 0:00:10]} 8. c4 {[%emt 0:00:04]} Bc5 {[%emt 0:00:14]} 9. b3 {[%emt 0:00:10]} Bd4 {[%emt 0:00:34]} 10. Rb1 {[%emt 0:00:03]} O-O {[%emt 0:00:05]} 11. Nf3 {[%emt 0:00:05]} Bc3+ {[%emt 0:00:06]} 12. Bd2 {[%emt 0:00:01]} Bxd2+ {[%emt 0:00:10]} 13. Qxd2 {[%emt 0:00:02]} d5 {[%emt 0:00:14]} 14. cxd5 {[%emt 0:05:22]} cxd5 {[%emt 0:00:05]} 15. Nxe5 {[%emt 0:00:08]} dxe4 {[%emt 0:00:13]} 16. Bc4 {[%emt 0:00:15]} Bb7 {[%emt 0:02:34]} 17. Qxd8 {[%emt 0:00:30]} Raxd8 {[%emt 0:00:04]} 18. O-O {[%emt 0:00:04]} Bd5 {[%emt 0:01:26]} 19. Rbd1 {[%emt 0:00:43]} Bxc4 {[%emt 0:00:24]} 20. Nxc4 {[%emt 0:00:10]} Nd5 {[%emt 0:00:23]} 21. Rd2 {[%emt 0:00:15]} Nc3 {[%emt 0:00:42]} 22. Rc2 {[%emt 0:00:09]} Nb5 {[%emt 0:00:14]} 23. Ne3 {[%emt 0:00:32]} f5 {[%emt 0:01:22]} 24. g3 {[%emt 0:00:27]} Nd4 {[%emt 0:00:29]} 25. Rc7 {[%emt 0:00:05]} Rf7 {[%emt 0:00:18]} 26. Rxf7 {[%emt 0:00:23]} Kxf7 {[%emt 0:00:05]} 27. h4 {[%emt 0:00:01]} g6 {[%emt 0:01:00]} 28. Kg2 {[%emt 0:00:05]} Ne2 {[%emt 0:01:04]} 29. Nc4 {[%emt 0:00:24]} Kf6 {[%emt 0:01:07]} 30. Re1 {[%emt 0:00:13]} Nc3 {[%emt 0:00:07]} 31. Rc1 {[%emt 0:00:11]} Ne2 {[%emt 0:00:25]} 32. Rc2 {[%emt 0:00:11]} Nd4 {[%emt 0:00:10]} 33. Rd2 {[%emt 0:00:04]} Nc6 {[%emt 0:00:17]} 34. Rc2 {[%emt 0:00:14]} Nd4 {[%emt 0:00:08]} 35. Rb2 {[%emt 0:00:04]} Rb8 {[%emt 0:00:56]} 36. Rd2 {[%emt 0:00:33]} Rd8 {[%emt 0:00:03]} 37. Ne3 {[%emt 0:00:04]} Nc6 {[%emt 0:00:34]} 38. Rc2 {[%emt 0:00:05]} Ne5 {[%emt 0:00:11]} 39. Rc5 {[%emt 0:00:19]} Rd2 {[%emt 0:00:17]} 40. Rxe5 {[%emt 0:00:08]} Rxa2 {[%emt 0:00:06]} 41. Rc5 {[%emt 0:00:12]} Rb2 {[%emt 0:00:04]} 42. Rc6+ {[%emt 0:00:02]} Kg7 {[%emt 0:00:08]} 43. Rc7+ {[%emt 0:00:04]} Kh6 {[%emt 0:00:02]} 44. Rb7 {[%emt 0:00:11]} a5 {[%emt 0:00:04]} 45. Rb5 {[%emt 0:00:16]} a4 {[%emt 0:00:05]} 46. bxa4 {[%emt 0:00:03]} 1-0

[Event "European Online Club-ch-E 2021"]
[Site "Online"]
[Date "2021.03.27"]
[Round "3.12"]
[White "Aydin, Gulenay"]
[Black "Soham Das"]
[Result "0-1"]
[WhiteElo "1975"]
[BlackElo "2385"]
[Annotator "NA"]
[PlyCount "92"]
[EventDate "2021.03.27"]
[EventType "team-tourn"]
[EventCountry "NET"]
[SourceTitle "playchess.com"]
[Source "ChessBase"]
[SourceQuality "1"]
[TimeControl "900+5"]

1. e4 {[%emt 0:00:00]} c6 {[%emt 0:00:05]} 2. d4 {[%emt 0:00:03]} d5 {[%emt 0:00:03]} 3. exd5 {[%emt 0:00:01]} cxd5 {[%emt 0:00:01]} 4. c4 {[%emt 0:00:02]} Nf6 {[%emt 0:00:03]} 5. Nc3 {[%emt 0:00:01]} Nc6 {[%emt 0:00:03]} 6. Bg5 {[%emt 0:00:04]} Ne4 {[%emt 0:00:08]} 7. Be3 {[%emt 0:01:12]} e5 {[%emt 0:00:10]} 8. Nf3 {[%emt 0:04:57]} Bb4 {[%emt 0:00:20]} 9. Rc1 {[%emt 0:00:26]} exd4 {[%emt 0:00:20]} 10. Nxd4 {[%emt 0:00:25]} O-O {[%emt 0:00:11]} 11. Be2 {[%emt 0:00:56]} dxc4 {[%emt 0:00:33]} 12. O-O {[%emt 0:01:39]} Bxc3 {[%emt 0:01:10]} 13. bxc3 {[%emt 0:00:57]} Ne5 {[%emt 0:00:09]} 14. f4 {[%emt 0:01:28]} Nd3 {[%emt 0:00:11]} 15. Bxd3 {[%emt 0:00:06]} cxd3 {[%emt 0:00:35]} 16. Qxd3 {[%emt 0:00:01]} Re8 {[%emt 0:00:03]} 17. Rfe1 {[%emt 0:00:16]} b6 {[%emt 0:00:08]} 18. Qc2 {[%emt 0:01:56]} Bb7 {[%emt 0:00:08]} 19. Nf3 {[%emt 0:00:07]} Rc8 {[%emt 0:00:10]} 20. Bd4 {[%emt 0:00:14]} Qc7 {[%emt 0:00:14]} 21. Be5 {[%emt 0:00:18]} Qc5+ {[%emt 0:00:06]} 22. Bd4 {[%emt 0:00:15]} Qf5 {[%emt 0:00:05]} 23. Ne5 {[%emt 0:01:07]} Qxf4 {[%emt 0:00:19]} 24. Rf1 {[%emt 0:00:06]} Qg5 {[%emt 0:00:03]} 25. Nxf7 {[%emt 0:00:13]} Qh5 {[%emt 0:00:06]} 26. Rce1 {[%emt 0:00:09]} Rc7 {[%emt 0:00:15]} 27. Ne5 {[%emt 0:00:04]} Rxe5 {[%emt 0:00:03]} 28. Bxe5 {[%emt 0:00:01]} Qxe5 {[%emt 0:00:03]} 29. Qb3+ {[%emt 0:00:09]} Bd5 {[%emt 0:00:07]} 30. Qb4 {[%emt 0:00:02]} h6 {[%emt 0:00:05]} 31. Qf8+ {[%emt 0:00:10]} Kh7 {[%emt 0:00:04]} 32. Qf5+ {[%emt 0:00:05]} Qxf5 {[%emt 0:00:05]} 33. Rxf5 {[%emt 0:00:01]} Nxc3 {[%emt 0:00:08]} 34. h3 {[%emt 0:00:10]} Bxa2 {[%emt 0:00:03]} 35. Kh2 {[%emt 0:00:06]} b5 {[%emt 0:00:02]} 36. Rc1 {[%emt 0:00:03]} b4 {[%emt 0:00:03]} 37. Rf2 {[%emt 0:00:02]} b3 {[%emt 0:00:12]} 38. Rb2 {[%emt 0:00:10]} a5 {[%emt 0:00:05]} 39. Re1 {[%emt 0:00:07]} a4 {[%emt 0:00:02]} 40. Re3 {[%emt 0:00:04]} a3 {[%emt 0:00:02]} 41. Rf2 {[%emt 0:00:02]} b2 {[%emt 0:00:03]} 42. Re1 {[%emt 0:00:08]} Bb3 {[%emt 0:00:10]} 43. Rd2 {[%emt 0:00:06]} Nd1 {[%emt 0:00:03]} 44. Rdxd1 {[%emt 0:00:06]} Bxd1 {[%emt 0:00:02]} 45. Rxd1 {[%emt 0:00:01]} Rc1 {[%emt 0:00:03]} 46. Rxc1 {[%emt 0:00:04]} bxc1=Q {[%emt 0:00:03]} 0-1

[Event "European Online Club-ch-E 2021"]
[Site "Online"]
[Date "2021.03.27"]
[Round "3.13"]
[White "Westerberg, Jonathan"]
[Black "Pavlidis, Antonios"]
[Result "1/2-1/2"]
[WhiteElo "2534"]
[BlackElo "2536"]
[Annotator "ChessBase"]
[PlyCount "89"]
[EventDate "2021.03.27"]
[EventType "team-tourn"]
[EventCountry "NET"]
[SourceTitle "playchess.com"]
[Source "ChessBase"]
[SourceQuality "1"]
[TimeControl "900+5"]

1. e4 {[%emt 0:00:00]} c5 {[%emt 0:00:03]} 2. Nf3 {[%emt 0:00:04]} Nc6 {[%emt 0:00:02]} 3. Nc3 {[%emt 0:00:07]} d6 {[%emt 0:00:20]} 4. Bb5 {[%emt 0:00:40]} Bd7 {[%emt 0:00:04]} 5. O-O {[%emt 0:00:02]} Nf6 {[%emt 0:00:16]} 6. d3 {[%emt 0:00:18]} e6 {[%emt 0:00:07]} 7. a3 {[%emt 0:00:49]} Be7 {[%emt 0:00:03]} 8. h3 {[%emt 0:00:10]} O-O {[%emt 0:00:03]} 9. Bf4 {[%emt 0:00:03]} a6 {[%emt 0:00:12]} 10. Bc4 {[%emt 0:00:03]} b5 {[%emt 0:00:01]} 11. Ba2 {[%emt 0:00:03]} e5 {[%emt 0:00:27]} 12. Bg5 {[%emt 0:00:06]} Be6 {[%emt 0:00:02]} 13. Bxf6 {[%emt 0:00:04]} Bxf6 {[%emt 0:00:02]} 14. Nd5 {[%emt 0:00:13]} g6 {[%emt 0:00:21]} 15. c3 {[%emt 0:00:35]} Bg7 {[%emt 0:00:03]} 16. Qd2 {[%emt 0:01:10]} h6 {[%emt 0:00:12]} 17. a4 {[%emt 0:00:45]} Kh8 {[%emt 0:00:45]} 18. Nh2 {[%emt 0:01:18]} f5 {[%emt 0:00:23]} 19. f3 {[%emt 0:01:12]} Ne7 {[%emt 0:01:59]} 20. Nxe7 {[%emt 0:00:09]} Qxe7 {[%emt 0:00:03]} 21. Bxe6 {[%emt 0:00:54]} Qxe6 {[%emt 0:00:03]} 22. Rfe1 {[%emt 0:00:01]} d5 {[%emt 0:00:23]} 23. Nf1 {[%emt 0:01:51]} d4 {[%emt 0:00:16]} 24. cxd4 {[%emt 0:00:20]} exd4 {[%emt 0:00:15]} 25. exf5 {[%emt 0:00:28]} Qxf5 {[%emt 0:00:08]} 26. Ng3 {[%emt 0:00:03]} Qd5 {[%emt 0:00:12]} 27. axb5 {[%emt 0:01:10]} axb5 {[%emt 0:00:04]} 28. Ra5 {[%emt 0:00:01]} Rxa5 {[%emt 0:04:36]} 29. Qxa5 {[%emt 0:00:04]} Qb3 {[%emt 0:00:01]} 30. Qb6 {[%emt 0:00:10]} Qxd3 {[%emt 0:00:24]} 31. Qxc5 {[%emt 0:00:07]} Qc4 {[%emt 0:00:08]} 32. Qd6 {[%emt 0:00:45]} d3 {[%emt 0:01:16]} 33. Rd1 {[%emt 0:00:12]} Qd4+ {[%emt 0:02:39]} 34. Qxd4 {[%emt 0:00:03]} Bxd4+ {[%emt 0:00:02]} 35. Kf1 {[%emt 0:00:05]} Be5 {[%emt 0:00:10]} 36. Ne4 {[%emt 0:00:12]} Rd8 {[%emt 0:00:02]} 37. b3 {[%emt 0:00:41]} h5 {[%emt 0:00:17]} 38. Nc5 {[%emt 0:01:28]} d2 {[%emt 0:00:09]} 39. Ne4 {[%emt 0:00:02]} Rd3 {[%emt 0:00:04]} 40. Nxd2 {[%emt 0:00:29]} Bf4 {[%emt 0:00:06]} 41. Ke2 {[%emt 0:00:01]} Re3+ {[%emt 0:00:02]} 42. Kf2 {[%emt 0:00:03]} Rd3 {[%emt 0:00:01]} 43. Ke2 {[%emt 0:00:01]} Re3+ {[%emt 0:00:02]} 44. Kf2 {[%emt 0:00:02]} Rd3 {[%emt 0:00:01]} 45. Ke2 {[%emt 0:00:01]} 1/2-1/2